Sociálne a zdravotné poistenie pri výkone závislej činnosti občanov iných štátov na území SR
Základné právne normy upravujúce platenie povinného poistného pri výkone závislej činnosti na území SR. Zamestnávanie občanov iných štátov na území SR - hlavné zásady. Zamestnávanie občanov EÚ na území SR. Zamestnávanie cudzincov na území SR. Oznamovacia povinnosť zamestnávateľa. Praktické príklady....
Gespeichert in:
| 1. Verfasser: | |
|---|---|
| Format: | Buchkapitel |
| Sprache: | Slowakisch |
| Schlagworte: | |
| Tags: |
Keine Tags, Fügen Sie das erste Tag hinzu!
|
MARC
| LEADER | 00000naa a2200000 4500 | ||
|---|---|---|---|
| 001 | 0121742 | ||
| 005 | 20231109102719.8 | ||
| 041 | 0 | |a slo | |
| 044 | |a SK | ||
| 245 | 1 | 0 | |a Sociálne a zdravotné poistenie pri výkone závislej činnosti občanov iných štátov na území SR |c Jolana Strýčková |
| 520 | |a Základné právne normy upravujúce platenie povinného poistného pri výkone závislej činnosti na území SR. Zamestnávanie občanov iných štátov na území SR - hlavné zásady. Zamestnávanie občanov EÚ na území SR. Zamestnávanie cudzincov na území SR. Oznamovacia povinnosť zamestnávateľa. Praktické príklady. Základné princípy sociálneho zabezpečenia občanov EÚ. Sociálne poistenie a zdravotné poistenie občanov EÚ. | ||
| 610 | 2 | 0 | |a poistenie sociálne |
| 610 | 2 | 0 | |a poistenie zdravotné |
| 610 | 2 | 0 | |a poistné |
| 610 | 2 | 0 | |a cudzinci |
| 610 | 2 | 0 | |a zamestnanci |
| 610 | 2 | 0 | |a zamestnávatelia |
| 610 | 2 | 0 | |a zamestnanie |
| 610 | 2 | 0 | |a odvody |
| 610 | 2 | 0 | |a legislatíva |
| 610 | 2 | 0 | |a Európska únia |
| 610 | 2 | 0 | |a Slovensko |
| 100 | 1 | |a Strýčková, Jolana | |